000 00594cam a22002053a 4500
001 35922
003 PGUSA
005 20140828083755.0
008 110420s2011||||xxu|||||s|||||000 | eng d
040 _aPGUSA
_beng
042 _adc
100 1 _aThompson, Francis,
_d1859-1907
245 1 0 _aVictorian Ode :
_bFor Jubilee Day, 1897
_h[electronic resource] /
_cFrancis Thompson
260 _bProject Gutenberg,
_c2011
506 _aPublic domain in the USA.
516 _aElectronic text
830 0 _aProject Gutenberg
_v35922
856 4 0 _uhttp://www.gutenberg.org/ebooks/35922
942 _cEB
999 _c265177
_d265177